Design of composite panel doors from plantation grown timbers and other lignocellulosic panel materials (Record no. 48263)

MARC details
000 -LEADER
fixed length control field 00533nam a2200133Ia 4500
100 ## - MAIN ENTRY--AUTHOR NAME
Personal name Reddy H G
245 #0 - TITLE STATEMENT
Title Design of composite panel doors from plantation grown timbers and other lignocellulosic panel materials
260 ## - PUBLICATION, DISTRIBUTION, ETC. (IMPRINT)
Name of publisher In: Proceedings of the National Seminar on Processing and Utilisation of Plantation Timbers and Bamboo, 23-24 July 1998, IPIRTI, Bangalore, India. pp.222-225.
650 ## - SUBJECT ADDED ENTRY--TOPICAL TERM
Topical Term India
650 ## - SUBJECT ADDED ENTRY--TOPICAL TERM
Topical Term Wood utilization
700 ## - ADDED ENTRY--PERSONAL NAME
Personal name Jagadeesh H N
942 ## - ADDED ENTRY ELEMENTS (KOHA)
Koha item type Bibliography RLWO
Holdings
Withdrawn status Lost status Damaged status Not for loan Home library Current library Date acquired Koha item type
      Bibliography RRII Library RRII Library 31/12/2021 Bibliography RLWO